| 000 | 00640nam a22001817a 4500 | ||
|---|---|---|---|
| 003 | OSt | ||
| 005 | 20140508081603.0 | ||
| 008 | 140508b xxu||||| |||| 00| 0 eng d | ||
| 020 | _a9789718740644 | ||
| 050 |
_aLB 1765.P6 _b.Al46 2014 |
||
| 100 | _aAlfarez, Merle S. | ||
| 245 |
_aLET reviewer for science : _bwith detailed explanation of answers to more challenging questions / _cMerle S. Alferez, Marites C. Palma ; Gerard S. Alferez, project director. |
||
| 260 |
_aQuezon City : _bMSA Pub. House, _c2014. |
||
| 300 |
_a153 p. : _bill. ; _c23 cm. |
||
| 650 |
_aScience _vExaminations _xStudy guides. |
||
| 942 |
_2lcc _cBK |
||
| 999 |
_c115853 _d115853 |
||